<?xml version="1.0" encoding="UTF-8"?>
<marc:record xmlns:marc="http://www.loc.gov/MARC21/slim">
   <marc:leader>00000nam a2200000 a 4500</marc:leader>
   <marc:datafield ind1="1" ind2=" " tag="100">
      <marc:subfield code="a">Wehnert, Timon</marc:subfield>
      <marc:subfield code="4">ctb</marc:subfield>
      <marc:subfield code="e">Mitwirkende/-r</marc:subfield>
   </marc:datafield>
   <marc:datafield ind1=" " ind2=" " tag="653">
      <marc:subfield code="a">Prognose 2010-2030</marc:subfield>
   </marc:datafield>
   <marc:datafield ind1=" " ind2=" " tag="653">
      <marc:subfield code="a">Energiewirtschaft</marc:subfield>
   </marc:datafield>
   <marc:datafield ind1=" " ind2=" " tag="653">
      <marc:subfield code="a">Energiequelle</marc:subfield>
   </marc:datafield>
   <marc:datafield ind1=" " ind2=" " tag="653">
      <marc:subfield code="a">Energieverbrauch</marc:subfield>
   </marc:datafield>
   <marc:datafield ind1=" " ind2=" " tag="653">
      <marc:subfield code="a">Softcover</marc:subfield>
   </marc:datafield>
   <marc:datafield ind1=" " ind2=" " tag="653">
      <marc:subfield code="a">Karte</marc:subfield>
   </marc:datafield>
   <marc:datafield ind1=" " ind2=" " tag="653">
      <marc:subfield code="a">Elektrotechnik</marc:subfield>
   </marc:datafield>
   <marc:datafield ind1=" " ind2=" " tag="653">
      <marc:subfield code="a">Nachrichtentechnik</marc:subfield>
   </marc:datafield>
   <marc:datafield ind1=" " ind2=" " tag="653">
      <marc:subfield code="a">Aufsatzsammlung</marc:subfield>
   </marc:datafield>
   <marc:datafield ind1="0" ind2="0" tag="245">
      <marc:subfield code="a">European energy futures 2030</marc:subfield>
   </marc:datafield>
   <marc:datafield ind1="0" ind2="0" tag="245">
      <marc:subfield code="b">technology and social visions from the European energy Delphi survey</marc:subfield>
   </marc:datafield>
   <marc:datafield ind1="0" ind2="0" tag="245">
      <marc:subfield code="c">IZT, Institut für Zukunftsstudien und Technologiebewertung]. Timon Wehnert ...</marc:subfield>
   </marc:datafield>
   <marc:datafield ind1=" " ind2="1" tag="264">
      <marc:subfield code="a">Berlin</marc:subfield>
      <marc:subfield code="b">Springer</marc:subfield>
      <marc:subfield code="c">2007</marc:subfield>
   </marc:datafield>
   <marc:datafield ind1="1" ind2=" " tag="520">
      <marc:subfield code="a">Angaben aus der Verlagsmeldung

European Energy Futures 2030 : Technology and Social Visions from the European Energy Delphi Survey

The book summarizes the results of an international research project - the first Europe-wide Delphi study on future developments in the energy sector (EurEnDel). With a time horizon of 2030, this expert survey not only provides a useful perspective on long-term developments of energy technologies, but also evaluates these technologies against different sets of social values or "visions".
Close to 700 energy experts from 48 countries participated in this two-round, web-based Delphi exercise. Thus the results represent a broad European perspective on the challenges that Europe’s energy system will be facing over the next two and a half decades. In the survey and in the analysis of the results, equal emphasis was placed on the technology-push perspective "What will the future be like?" and the normative social-pull perspective "What should the future be like?". In this respect, considerable attention was given to the different responses received from technology experts, generalists and decision makers.
The results of the Delphi study were interpreted on the background of three qualitative scenarios of Europe’s energy futures up to the year 2030. In a world of uncertainties, EurEnDel recognized the impracticality of referring to a single energy scenario. For this reason it adapted the classical Delphi approach, employing a variety of foresight approaches both in the design phase and in the later analysis of the results
The survey covers 20 emerging technologies from all parts of the energy system ranging from energy supply, grid and storage issues, and energy demand for transportation, housing and industry. The covered key technologies were assessed in terms of time horizons of development, their potential impact and the means which are needed to support their development.
</marc:subfield>
   </marc:datafield>
   <marc:datafield ind1=" " ind2=" " tag="020">
      <marc:subfield code="a">9783540691648</marc:subfield>
      <marc:subfield code="9">9783540691648</marc:subfield>
   </marc:datafield>
   <marc:datafield ind1=" " ind2=" " tag="020">
      <marc:subfield code="a">3540691642</marc:subfield>
      <marc:subfield code="9">3540691642</marc:subfield>
   </marc:datafield>
   <marc:datafield ind1=" " ind2=" " tag="041">
      <marc:subfield code="a">eng</marc:subfield>
   </marc:datafield>
   <marc:datafield ind1=" " ind2=" " tag="300">
      <marc:subfield code="a">XXXII, 231 S.</marc:subfield>
   </marc:datafield>
</marc:record>
